BÖCEK ÇOCUK (Kayıt no. 1001499)

MARC ayrıntıları
000 -LEADER
sabit uzunluktaki kontrol alanı 00240nam a2200097Ia 4500
001 - KONTROL NUMARASI
kontrol alanı 1001499
005 - EN SON İŞLEMİN TARİH VE ZAMANI
kontrol alanı 20250826230412.0
008 - SABİT-UZUNLUKTA VERİ ÖĞELERİ--GENEL BİLGİ
sabit uzunluktaki kontrol alanı 250824s9999 xx 000 0 und d
245 #0 - ESER / YAZAR
ESER ADI BÖCEK ÇOCUK
Yazar Adı M.G. LEONARD
260 ## - YAYIN, DAĞITIM, VB.
YAYIN EVİ DOMİNGO YAYINLARI
Mevcut
Düşüm durumu Kayıp durumu Hasar Durumu Ödünç verilmez Ana kütüphane Geçerli Kütüphane Edinilen tarih Toplam ödünç verme sayısı Barkod Son görüntüleme tarihi Son ödünç verme tarihi Fiyatın geçerli olmaya başladığı tarih Koha materyal türü
        MUSTAFA BÜYÜKKAPLAN İMAM HATİP ORTAOKULU (ERKEK) MUSTAFA BÜYÜKKAPLAN İMAM HATİP ORTAOKULU (ERKEK) 24.08.2025 1 10055660 15.10.2025 03.10.2025 26.08.2025 Kitaplar
Gemini Bilgi Teknolojileri A.Ş. tarafından düzenlenmiştir.